[Event "C.to Italiano Semifinale"]
[Site "Saint Vincent - Chatillon ITA"]
[Date "1999.06.23"]
[Round "5"]
[White "Bellia, Fabrizio"]
[Black "Rossi, Carlo"]
[Result "1/2-1/2"]
[WhiteElo "2340"]
[BlackElo "2371"]
[PlyCount "93"]
[EventDate "1999.06.20"]

1. e4 c5 2. Nf3 a6 3. c4 d6 4. d4 Nd7 5. Nc3 g6 6. Be2 Bg7 7. O-O cxd4 8. Nxd4
Ngf6 9. Be3 O-O 10. Qd2 Re8 11. f3 b6 12. Rfd1 Bb7 13. Rac1 e6 14. Nc2 Bf8 15.
Bf1 Qc7 16. b3 Rac8 17. Nd4 Qb8 18. Nde2 Ba8 19. Bf4 Ne5 20. Bg5 Ned7 21. Bf4
Ne5 22. Bg5 Be7 23. Ng3 Rcd8 24. Qf4 Ned7 25. Kh1 Bc6 26. Qh4 b5 27. e5 dxe5
28. Rxd7 Rxd7 29. Bxf6 Rd4 30. Nce4 Ba3 31. Qg5 Bxe4 32. Nxe4 Red8 33. Bxe5
Bxc1 34. Qf6 Qxe5 35. Qxe5 Rd1 36. Ng3 h5 37. h4 R8d4 38. Qe2 Rxh4+ 39. Kg1
Rhd4 40. cxb5 axb5 41. Ne4 b4 42. g3 Kg7 43. Qb5 Bb2 44. Qe5+ Kf8 45. Qb8+ Kg7
46. Qe5+ Kf8 47. Qb8+ 1/2-1/2

[Event "C.to Italiano Semifinale"]
[Site "Saint Vincent - Chatillon ITA"]
[Date "1999.06.23"]
[Round "5"]
[White "Caposciutti, Maurizio"]
[Black "Nannelli, Paolo"]
[Result "1/2-1/2"]
[WhiteElo "2273"]
[BlackElo "2239"]
[PlyCount "34"]
[EventDate "1999.06.20"]

1. Nf3 d6 2. d4 Nf6 3. Nc3 Nbd7 4. e4 e5 5. Bc4 Be7 6. Ng5 O-O 7. Bxf7+ Rxf7 8.
Ne6 Qe8 9. Nxc7 Qd8 10. Nxa8 b5 11. Qd3 Bb7 12. Qxb5 Bxa8 13. d5 Nc5 14. f3 Bb7
15. b4 Ba6 16. Qc6 Bb7 17. Qb5 Ba6 1/2-1/2

[Event "C.to Italiano Semifinale"]
[Site "Saint Vincent - Chatillon ITA"]
[Date "1999.06.23"]
[Round "5"]
[White "Ciuffoletti, Paolo"]
[Black "Rettore, Ludwig"]
[Result "1-0"]
[WhiteElo "2163"]
[BlackElo "1675"]
[PlyCount "71"]
[EventDate "1999.06.20"]

1. e4 e5 2. Bc4 Nf6 3. Nf3 Nc6 4. d4 exd4 5. Ng5 Ne5 6. Bb3 h6 7. f4 hxg5 8.
fxe5 Nxe4 9. Qxd4 Nc5 10. Nc3 Nxb3 11. axb3 d6 12. O-O Be6 13. Rxa7 Rh4 14. Qf2
Be7 15. Rxa8 Qxa8 16. Nb5 Qa5 17. exd6 cxd6 18. c4 Kd7 19. Rd1 Qa6 20. Bxg5
Bxg5 21. Rxd6+ Qxd6 22. Nxd6 Kxd6 23. Qg3+ Rf4 24. Qxg5 Rg4 25. Qd8+ Kc6 26. h3
Re4 27. Qd3 f5 28. Qg3 b5 29. cxb5+ Kxb5 30. Qxg7 Kc5 31. h4 Kd5 32. h5 Rg4 33.
Qf6 f4 34. h6 f3 35. Qxf3+ Ke5 36. h7 1-0

[Event "C.to Italiano Semifinale"]
[Site "Saint Vincent - Chatillon ITA"]
[Date "1999.06.23"]
[Round "5"]
[White "Collutiis, Duilio"]
[Black "Vezzosi, Paolo"]
[Result "1/2-1/2"]
[WhiteElo "2196"]
[BlackElo "2339"]
[PlyCount "71"]
[EventDate "1999.06.20"]

1. Nf3 c5 2. e4 Nc6 3. d4 cxd4 4. Nxd4 g6 5. Nc3 Bg7 6. Be3 Nf6 7. g3 O-O 8.
Bg2 d6 9. h3 Bd7 10. O-O Nxd4 11. Bxd4 Bc6 12. Nd5 Bxd5 13. exd5 Nd7 14. c3
Bxd4 15. cxd4 Nb6 16. Re1 Rc8 17. Qd2 Qd7 18. b3 Rc7 19. a4 Rfc8 20. Qe3 a5 21.
h4 Qf5 22. Be4 Qf6 23. Bg2 Rc2 24. Rac1 Rxc1 25. Rxc1 Rxc1+ 26. Qxc1 Qxd4 27.
Qc7 Qd1+ 28. Kh2 Nxd5 29. Qxa5 Nf6 30. Bxb7 Qxb3 31. Qa8+ Kg7 32. a5 Ng4+ 33.
Kg2 Qb2 34. Qa7 Nxf2 35. Qxf2 Qxb7+ 36. Kh2 1/2-1/2

[Event "C.to Italiano Semifinale"]
[Site "Saint Vincent - Chatillon ITA"]
[Date "1999.06.23"]
[Round "5"]
[White "D'Innocente, Stefano"]
[Black "Astengo, Corrado"]
[Result "0-1"]
[WhiteElo "1693"]
[BlackElo "2191"]
[PlyCount "100"]
[EventDate "1999.06.20"]

1. e4 c5 2. Nf3 d6 3. d4 Nf6 4. Nc3 cxd4 5. Nxd4 a6 6. Bc4 e6 7. Bb3 Nbd7 8.
O-O Nc5 9. Qf3 Qc7 10. Re1 Be7 11. Qg3 O-O 12. Bh6 Ne8 13. Rad1 Nxb3 14. Nxb3
b5 15. a3 Bb7 16. Bf4 e5 17. Bg5 Bxg5 18. Qxg5 Nf6 19. Rd3 h6 20. Qd2 Rad8 21.
f3 Rfe8 22. Rd1 Re6 23. Nc1 a5 24. Kh1 Bc6 25. b4 a4 26. N1e2 Qb7 27. Ng3 Ne8
28. Nf5 Rf6 29. Ne3 Nc7 30. Ncd5 Nxd5 31. exd5 Bd7 32. c4 Rc8 33. Rc3 bxc4 34.
Nxc4 Qa6 35. Na5 Rxc3 36. Qxc3 Qe2 37. Re1 Qa2 38. Ra1 Qxd5 39. Nc4 Be6 40. Nd2
Rf4 41. Ne4 Bf5 42. Ng3 Bg6 43. Qe1 Rd4 44. Ne2 Rd3 45. Nc3 Qb3 46. Ne2 Qb2 47.
Rb1 Qxa3 48. Ra1 Qb2 49. Rb1 Qd2 50. Qf1 Re3 0-1

[Event "C.to Italiano Semifinale"]
[Site "Saint Vincent - Chatillon ITA"]
[Date "1999.06.23"]
[Round "5"]
[White "Dorighet, Claudio"]
[Black "Ventura, Sergio"]
[Result "1/2-1/2"]
[WhiteElo "2110"]
[BlackElo "2209"]
[PlyCount "147"]
[EventDate "1999.06.20"]

1. c4 c5 2. Nc3 Nf6 3. e4 d6 4. Nge2 Nc6 5. h3 g6 6. d3 Bg7 7. Be3 Bd7 8. Qd2
h5 9. g3 a6 10. Bg2 Rb8 11. a4 Na5 12. Ra3 Bc6 13. O-O Nd7 14. f4 b6 15. b3 Ba8
16. g4 hxg4 17. hxg4 f5 18. exf5 Bxg2 19. Kxg2 gxf5 20. g5 Nf8 21. Ng3 e6 22.
d4 Qd7 23. d5 e5 24. fxe5 Bxe5 25. Bf4 Ng6 26. Bxe5 dxe5 27. Nxf5 Nh4+ 28. Nxh4
Rxh4 29. Qe3 Qg4+ 30. Qg3 Qd4 31. Ne2 Qe4+ 32. Qf3 Rg4+ 33. Ng3 Qxf3+ 34. Rxf3
Rxg5 35. Ra1 Ke7 36. Raf1 Rbg8 37. Rf7+ Ke8 38. R7f3 Ke7 39. Kf2 b5 40. Ne4
Rg2+ 41. Ke3 bxc4 42. Rf7+ Kd8 43. d6 cxb3 44. Nxc5 Nc4+ 45. Kd3 Nxd6 46. Rd7+
Kc8 47. Rxd6 Kc7 48. Rxa6 Rd8+ 49. Kc4 Rc2+ 50. Kxb3 Rxc5 51. Rf7+ Kb8 52. Raa7
e4 53. Kb4 Rc1 54. Rfb7+ Kc8 55. Ka5 e3 56. Re7 Kb8 57. Rab7+ Ka8 58. Rb6 Ra1
59. Rb5 Rb8 60. Rd5 Rab1 61. Rb5 Ra1 62. Rbe5 Rc1 63. R5e6 Rbc8 64. Kb5 e2 65.
Ra6+ Kb8 66. Rb6+ Ka8 67. Ka6 R1c7 68. Rxe2 Ra7+ 69. Kb5 Rac7 70. Re5 Rc1 71.
a5 Rb1+ 72. Ka6 Rbc1 73. Re7 R8c7 74. Rxc7 1/2-1/2

[Event "C.to Italiano Semifinale"]
[Site "Saint Vincent - Chatillon ITA"]
[Date "1999.06.23"]
[Round "5"]
[White "Fabiano, Giuseppe"]
[Black "Iotti, Pierluigi"]
[Result "1-0"]
[WhiteElo "2282"]
[BlackElo "2318"]
[PlyCount "79"]
[EventDate "1999.06.20"]

1. d4 Nf6 2. Nf3 e6 3. c4 b6 4. a3 Bb7 5. Nc3 d5 6. cxd5 exd5 7. Bg5 Be7 8. e3
O-O 9. Rc1 Nbd7 10. Bd3 c5 11. O-O a6 12. Bb1 c4 13. Ne5 b5 14. Qc2 g6 15. f4
Nxe5 16. fxe5 Nd7 17. Bh6 Bg5 18. Bxg5 Qxg5 19. Rf3 Rae8 20. Rcf1 f6 21. Rg3
Qh6 22. e6 Rxe6 23. Qf5 Rd6 24. Rf4 Re8 25. Rfg4 Nf8 26. Rh3 Qg7 27. Qf4 Qe7
28. Rf3 Kg7 29. Rgg3 Ne6 30. Qh4 Ng5 31. Rf1 Re6 32. Qf4 Qd6 33. Qf2 Bc6 34.
Ne2 Qe7 35. Nf4 Rxe3 36. h4 Rxg3 37. Qxg3 Ne4 38. Bxe4 Qxe4 39. Nh5+ Kh8 40.
Nxf6 1-0

[Event "C.to Italiano Semifinale"]
[Site "Saint Vincent - Chatillon ITA"]
[Date "1999.06.23"]
[Round "5"]
[White "Genocchio, Daniele"]
[Black "Wild, Alexander"]
[Result "1-0"]
[WhiteElo "2247"]
[BlackElo "1732"]
[PlyCount "77"]
[EventDate "1999.06.20"]

1. e4 c5 2. Nf3 d6 3. d4 cxd4 4. Nxd4 Nf6 5. Nc3 g6 6. Bg5 Bg7 7. Bb5+ Bd7 8.
Qe2 O-O 9. O-O-O a6 10. Bxd7 Nbxd7 11. f4 Qc7 12. Rhe1 e5 13. Nf3 h6 14. Bxf6
Nxf6 15. f5 b5 16. Nh4 g5 17. Nf3 Rfd8 18. Nd5 Qb7 19. h3 Nxd5 20. Rxd5 Rac8
21. Red1 Qc7 22. R1d3 Qc4 23. Kb1 Bf6 24. b3 Qc7 25. Qd2 Be7 26. f6 Bxf6 27.
Nh2 Be7 28. Ng4 Kg7 29. h4 f6 30. Ne3 Bf8 31. Qd1 Qb6 32. Qg4 Rc5 33. Qf5 Qc7
34. h5 Rxd5 35. Qg6+ Kh8 36. Nxd5 Qg7 37. Qf5 Qf7 38. Rc3 Be7 39. Rc7 1-0

[Event "C.to Italiano Semifinale"]
[Site "Saint Vincent - Chatillon ITA"]
[Date "1999.06.23"]
[Round "5"]
[White "Malfagia, Andrea"]
[Black "Rossato, Armando"]
[Result "1-0"]
[WhiteElo "2308"]
[BlackElo "1959"]
[PlyCount "53"]
[EventDate "1999.06.20"]

1. e4 e6 2. d4 d5 3. e5 c5 4. c3 Nc6 5. Be3 Qb6 6. Qd2 Nh6 7. Nf3 Nf5 8. dxc5
Bxc5 9. Bxc5 Qxc5 10. Bd3 Nfe7 11. Qg5 Bd7 12. O-O a6 13. b4 Qb6 14. Na3 O-O-O
15. b5 f6 16. Qxg7 Rdg8 17. Qxf6 Rf8 18. bxc6 Rxf6 19. cxd7+ Kxd7 20. exf6 Nc6
21. Rab1 Qc7 22. c4 Rf8 23. cxd5 exd5 24. Bf5+ Kd6 25. Rfd1 Rxf6 26. Nc4+ Kc5
27. Ne3 1-0

[Event "C.to Italiano Semifinale"]
[Site "Saint Vincent - Chatillon ITA"]
[Date "1999.06.23"]
[Round "5"]
[White "Mariano, Elia"]
[Black "Costantini, Roberto"]
[Result "1/2-1/2"]
[WhiteElo "2254"]
[BlackElo "2158"]
[PlyCount "66"]
[EventDate "1999.06.20"]

1. d4 Nf6 2. c4 c5 3. d5 b5 4. cxb5 a6 5. bxa6 g6 6. Nc3 Bxa6 7. g3 Bg7 8. Bg2
d6 9. Rb1 Nbd7 10. a4 Ne5 11. b3 Rb8 12. Nh3 Nfd7 13. Bd2 O-O 14. O-O Rb7 15.
Re1 Qa8 16. Qc2 Rfb8 17. Na2 Ra7 18. f4 Ng4 19. Bf3 Ngf6 20. e4 Ne8 21. Bc3 Nc7
22. Bxg7 Kxg7 23. Nc3 Bc8 24. Nf2 Nb6 25. Nd3 Bd7 26. Nb2 Na6 27. e5 Bf5 28.
Be4 Nb4 29. Qg2 Bxe4 30. Qxe4 N6xd5 31. Nb5 Rd7 32. exd6 exd6 33. Nc4 Qa6
1/2-1/2

[Event "C.to Italiano Semifinale"]
[Site "Saint Vincent - Chatillon ITA"]
[Date "1999.06.23"]
[Round "5"]
[White "Mauro, Alan"]
[Black "Tatai, Stefano"]
[Result "0-1"]
[WhiteElo "2263"]
[BlackElo "2359"]
[PlyCount "80"]
[EventDate "1999.06.20"]

1. e4 c6 2. Nf3 d5 3. Nc3 Bg4 4. d4 e6 5. Be2 Nf6 6. Ng5 Bxe2 7. Qxe2 h6 8. Nf3
Qa5 9. O-O Qa6 10. e5 Qxe2 11. Nxe2 Nfd7 12. Be3 Be7 13. Rfc1 O-O 14. c4 dxc4
15. Rxc4 Nb6 16. Rc3 Na6 17. a4 Rad8 18. Rb3 Rd7 19. Nc3 Nc4 20. Ne4 Na5 21.
Rc3 Rfd8 22. g3 Bb4 23. Rc2 Nb3 24. Rb1 Nc7 25. Rc4 Nd5 26. Kg2 a5 27. h4 Nb6
28. Rxb4 axb4 29. g4 Nc4 30. Rh1 Nxd4 31. Nc5 Nxe3+ 32. fxe3 Nxf3 33. Kxf3 Rd2
34. a5 Rxb2 35. Ra1 Rd5 36. Nxb7 b3 37. Ra3 Rb5 38. Nd6 Rb4 39. Ra1 Ra2 40. Rc1
b2 0-1

[Event "C.to Italiano Semifinale"]
[Site "Saint Vincent - Chatillon ITA"]
[Date "1999.06.23"]
[Round "5"]
[White "Petruccioli, Antonio"]
[Black "Martorelli, Antonio"]
[Result "0-1"]
[WhiteElo "2013"]
[BlackElo "2346"]
[PlyCount "60"]
[EventDate "1999.06.20"]

1. e4 c5 2. Nf3 e6 3. c3 Nf6 4. e5 Nd5 5. d4 cxd4 6. cxd4 d6 7. Nc3 Nxc3 8.
bxc3 Qc7 9. Bd2 Nd7 10. exd6 Bxd6 11. Bd3 b6 12. O-O Bb7 13. h3 O-O 14. Re1
Rac8 15. Ng5 Nf6 16. Ne4 Nxe4 17. Bxe4 Rfd8 18. Qf3 Bxe4 19. Rxe4 Qc6 20. Rae1
Be7 21. Qg3 Rd5 22. Rg4 g6 23. h4 Bf8 24. Re5 Bd6 25. h5 Bxe5 26. dxe5 Rxd2 27.
hxg6 Rd1+ 28. Kh2 hxg6 29. Rh4 Qxc3 30. Qg5 Qc1 0-1

[Event "C.to Italiano Semifinale"]
[Site "Saint Vincent - Chatillon ITA"]
[Date "1999.06.23"]
[Round "5"]
[White "Retter, Martin"]
[Black "Buchicchio, Giancarlo"]
[Result "1/2-1/2"]
[WhiteElo "1588"]
[BlackElo "1771"]
[PlyCount "112"]
[EventDate "1999.06.20"]

1. c4 Nf6 2. g3 g6 3. Bg2 Bg7 4. Nc3 O-O 5. Nf3 d6 6. O-O Nc6 7. d3 e5 8. a3
Nh5 9. e3 f5 10. Rb1 Rb8 11. Qc2 f4 12. b4 Bg4 13. b5 Ne7 14. Bd2 Qd7 15. Ne2
Bh3 16. a4 g5 17. Nxg5 Bxg2 18. Kxg2 Bh6 19. Nf3 fxg3 20. fxg3 Qg4 21. e4 Nf4+
22. Nxf4 exf4 23. Qc1 Ng6 24. Qe1 fxg3 25. h3 Qh5 26. Bxh6 Rxf3 27. Rxf3 Nh4+
28. Kxg3 Nxf3 29. Qe3 Ne5 30. Bf4 Kh8 31. Rf1 Rg8+ 32. Kf2 Qh4+ 33. Bg3 Qg5 34.
Bxe5+ Qxe5 35. Qf3 Qh2+ 36. Ke1 Qc2 37. Qf6+ Rg7 38. Qd4 h6 39. Qf6 Qxd3 40.
Qxh6+ Kg8 41. Qe6+ Kh7 42. Qf5+ Kg8 43. Qd5+ Qxd5 44. cxd5 Rg3 45. Kf2 Rxh3 46.
Rc1 Rh7 47. Ke3 Kf8 48. Kf4 Ke8 49. a5 Kd8 50. Rb1 Rh4+ 51. Kf5 b6 52. a6 Rh8
53. Re1 Kd7 54. Re3 Ke7 55. Rc3 Kd7 56. Re3 Ke7 1/2-1/2

[Event "C.to Italiano Semifinale"]
[Site "Saint Vincent - Chatillon ITA"]
[Date "1999.06.23"]
[Round "5"]
[White "Scavo, Fernando"]
[Black "Castaldo, Folco"]
[Result "0-1"]
[WhiteElo "2301"]
[BlackElo "2192"]
[PlyCount "52"]
[EventDate "1999.06.20"]

1. e4 e6 2. d4 d5 3. e5 c5 4. c3 Qb6 5. Nf3 Nc6 6. a3 Nh6 7. b4 cxd4 8. cxd4
Nf5 9. Bb2 Bd7 10. g4 Nh6 11. h3 f6 12. Bd3 fxe5 13. dxe5 Be7 14. Nbd2 Nf7 15.
Rc1 O-O 16. Qe2 Ng5 17. Ng1 Rac8 18. Rb1 Nd4 19. Qe3 Nc2+ 20. Bxc2 Qxe3+ 21.
fxe3 Rxc2 22. h4 Ne4 23. Nxe4 dxe4 24. Ne2 Rfc8 25. Bd4 Bb5 26. Ng3 Bd3 0-1

[Event "C.to Italiano Semifinale"]
[Site "Saint Vincent - Chatillon ITA"]
[Date "1999.06.23"]
[Round "5"]
[White "Tocco, Paolo"]
[Black "Pantaleoni, Claudio"]
[Result "0-1"]
[WhiteElo "2150"]
[BlackElo "2184"]
[PlyCount "96"]
[EventDate "1999.06.20"]

1. e4 c5 2. Nc3 Nc6 3. g3 g6 4. Bg2 Bg7 5. d3 e6 6. Be3 d6 7. Qd2 Rb8 8. Nge2
b5 9. O-O b4 10. Nd1 Nge7 11. Bh6 O-O 12. Bxg7 Kxg7 13. Ne3 e5 14. c3 bxc3 15.
bxc3 Be6 16. f4 f6 17. f5 Bf7 18. Ng4 g5 19. h4 h6 20. Nxh6 Kxh6 21. hxg5+ fxg5
22. f6 Ng6 23. Rf5 Rh8 24. Kf2 Kh7 25. Rh1+ Kg8 26. Rxh8+ Kxh8 27. Qxg5 Kg8 28.
Bf3 Rb7 29. Bh5 Kh7 30. Rf4 exf4 31. gxf4 Qg8 32. f5 Nf8 33. Bg6+ Kh8 34. Qh5+
Nh7 35. Nf4 Ne5 36. d4 cxd4 37. cxd4 Bxg6 38. fxg6 Qxa2+ 39. Ne2 Nxg6 40. Qxg6
Qf7 41. Qxf7 Rxf7 42. e5 Nxf6 43. exf6 Rxf6+ 44. Ke3 Re6+ 45. Kd3 Rxe2 46. Kxe2
Kg7 47. Kd3 Kf6 48. Kc4 Ke6 0-1

[Event "C.to Italiano Semifinale"]
[Site "Saint Vincent - Chatillon ITA"]
[Date "1999.06.23"]
[Round "5"]
[White "Valenti, Giuseppe"]
[Black "Ranieri, Fabrizio"]
[Result "0-1"]
[WhiteElo "2200"]
[BlackElo "2166"]
[PlyCount "91"]
[EventDate "1999.06.20"]

1. e4 e6 2. d3 d5 3. Qe2 Be7 4. Nf3 Nf6 5. g3 c5 6. Bg2 Nc6 7. e5 Nd7 8. h4 b5
9. O-O O-O 10. Bf4 a5 11. Re1 Ba6 12. Nbd2 b4 13. Nf1 c4 14. dxc4 Bxc4 15. Qd1
Qb6 16. h5 Bc5 17. Ne3 Bb5 18. Ng4 Rfc8 19. Qd2 a4 20. Bh6 Bf8 21. Be3 Qc7 22.
Bg5 Qb6 23. Qf4 Na5 24. Bh6 gxh6 25. Nxh6+ Bxh6 26. Qxh6 Rxc2 27. Re3 Qd8 28.
Ng5 Nf8 29. Nxf7 Kxf7 30. Rf3+ Kg8 31. Bh3 Qe7 32. Rf6 Qg7 33. Qe3 Nc4 34. Qf4
Nd2 35. h6 Qe7 36. Bg2 Ne4 37. Bxe4 dxe4 38. Qxe4 Rac8 39. Qf4 Bd3 40. Rd1 Bf5
41. Kh2 Nd7 42. Qg5+ Kh8 43. Rxf5 Qxg5 44. Rxg5 Rxf2+ 45. Kg1 Rxb2 46. Rg4 0-1

[Event "C.to Italiano Semifinale"]
[Site "Saint Vincent - Chatillon ITA"]
[Date "1999.06.24"]
[Round "6"]
[White "Astengo, Corrado"]
[Black "Martorelli, Antonio"]
[Result "0-1"]
[WhiteElo "2191"]
[BlackElo "2346"]
[PlyCount "80"]
[EventDate "1999.06.20"]

1. e4 c5 2. Nf3 e6 3. d4 cxd4 4. Nxd4 a6 5. Nc3 Qc7 6. Bd3 Nf6 7. f4 Bb4 8. Bd2
Bxc3 9. bxc3 d6 10. O-O e5 11. fxe5 dxe5 12. Nf5 Bxf5 13. Rxf5 Nbd7 14. Qf3 h6
15. Rb1 Qc6 16. Qe2 O-O-O 17. Rb4 Qd6 18. Be3 Nb8 19. Rf1 Nc6 20. Rb2 Rd7 21.
Rfb1 Nb8 22. Ba7 Nc6 23. Qf2 Ng4 24. Qb6 Nxa7 25. Qxa7 b5 26. Qa8+ Kc7 27. Qa7+
Kd8 28. Rd1 Rxa7 29. Be2 Qxd1+ 30. Bxd1 Ne3 31. Bf3 Ke7 32. a4 Nc4 33. Rb4 Rb8
34. Be2 Nd6 35. axb5 axb5 36. c4 Ra1+ 37. Kf2 Nxe4+ 38. Ke3 Nf6 39. Rxb5 Rxb5
40. cxb5 Kd6 0-1

[Event "C.to Italiano Semifinale"]
[Site "Saint Vincent - Chatillon ITA"]
[Date "1999.06.24"]
[Round "6"]
[White "Bonaccorsi, Fabrizio"]
[Black "Retter, Martin"]
[Result "1-0"]
[WhiteElo "2086"]
[BlackElo "1588"]
[PlyCount "69"]
[EventDate "1999.06.20"]

1. Nf3 b6 2. d4 e6 3. c4 Bb7 4. Nc3 Nf6 5. Qc2 c5 6. Bg5 Be7 7. e3 h6 8. Bh4
O-O 9. Be2 d6 10. O-O a6 11. dxc5 dxc5 12. Rad1 Qc7 13. Bg3 Qc6 14. Ne1 Qc8 15.
Bf3 Bxf3 16. Nxf3 Nc6 17. Na4 Qb7 18. Qb3 b5 19. cxb5 axb5 20. Nc3 Na7 21. Rd2
c4 22. Qc2 b4 23. Ne2 Rac8 24. Rd4 b3 25. axb3 cxb3 26. Qb1 Nd5 27. Rd2 Rc5 28.
Ned4 Rfc8 29. Rd3 Rc4 30. Rxb3 Rb4 31. Rxb4 Qxb4 32. Rc1 Rxc1+ 33. Qxc1 Bc5 34.
h3 Nb5 35. Nc6 1-0

[Event "C.to Italiano Semifinale"]
[Site "Saint Vincent - Chatillon ITA"]
[Date "1999.06.24"]
[Round "6"]
[White "Buchicchio, Giancarlo"]
[Black "Petruccioli, Antonio"]
[Result "1-0"]
[WhiteElo "1771"]
[BlackElo "2013"]
[PlyCount "81"]
[EventDate "1999.06.20"]

1. e4 c5 2. Nf3 a6 3. c3 d5 4. exd5 Qxd5 5. d4 Bg4 6. Be2 Nc6 7. O-O cxd4 8.
cxd4 Nf6 9. Nc3 Qd6 10. Qb3 b5 11. Be3 e6 12. h3 Bf5 13. g4 Bg6 14. Rac1 b4 15.
Nb5 Qd7 16. Rxc6 Qxc6 17. Rc1 Qxb5 18. Bxb5+ axb5 19. Ne5 Be4 20. Qd1 Bd6 21.
Qe2 O-O 22. Bg5 Bg6 23. Bxf6 gxf6 24. Nxg6 hxg6 25. Qxb5 Rfb8 26. Qc4 Bf4 27.
Ra1 g5 28. a4 Ra7 29. a5 Rc7 30. Qb3 e5 31. a6 exd4 32. Qd5 Rcc8 33. a7 Ra8 34.
Qxd4 Rc7 35. Qb6 Rd7 36. Qxf6 Rdxa7 37. Rxa7 Rxa7 38. h4 Bc1 39. h5 Ra2 40. h6
Bxb2 41. h7+ 1-0

[Event "C.to Italiano Semifinale"]
[Site "Saint Vincent - Chatillon ITA"]
[Date "1999.06.24"]
[Round "6"]
[White "Castaldo, Folco"]
[Black "Sarno, Spartaco"]
[Result "0-1"]
[WhiteElo "2192"]
[BlackElo "2358"]
[PlyCount "108"]
[EventDate "1999.06.20"]

1. e4 d6 2. d4 Nf6 3. Nc3 g6 4. f4 Bg7 5. Nf3 O-O 6. Bd3 Na6 7. O-O c5 8. d5
Bg4 9. Bc4 Nc7 10. h3 Bxf3 11. Qxf3 Nd7 12. a4 b6 13. Be3 a6 14. Rad1 Qb8 15.
e5 b5 16. axb5 axb5 17. Be2 c4 18. Ne4 Ra2 19. exd6 exd6 20. f5 Ne8 21. fxg6
hxg6 22. Qg3 Qd8 23. Bg5 Qb6+ 24. Kh1 Rxb2 25. Be7 Rxc2 26. Bxf8 Nxf8 27. Qf4
f5 28. Bg4 Ra2 29. Ng5 Qb7 30. Bxf5 gxf5 31. Qxf5 Nf6 32. Ne6 Nxe6 33. Qxe6+
Qf7 34. Qxd6 Qg6 35. Rg1 Kh7 36. Qe6 Ne4 37. Rde1 Nf2+ 38. Kh2 Nd3 39. Qxg6+
Kxg6 40. Re6+ Kg5 41. Rf1 Nf4 42. h4+ Kf5 43. Kh1 Ra1 44. Rxa1 Bxa1 45. Rb6
Nxd5 46. Rxb5 Ke4 47. Rc5 Ne3 48. g4 Bd4 49. Rc8 c3 50. g5 Kf5 51. g6 Kxg6 52.
Kg1 c2 53. Rc6+ Kh5 54. Rxc2 Nxc2+ 0-1

[Event "C.to Italiano Semifinale"]
[Site "Saint Vincent - Chatillon ITA"]
[Date "1999.06.24"]
[Round "6"]
[White "Collutiis, Duilio"]
[Black "Malfagia, Andrea"]
[Result "1-0"]
[WhiteElo "2196"]
[BlackElo "2308"]
[PlyCount "117"]
[EventDate "1999.06.20"]

1. e4 e6 2. d4 d5 3. e5 c5 4. Qg4 cxd4 5. Nf3 Nc6 6. Bd3 Qc7 7. O-O f5 8. Qg3
Qf7 9. a3 Bc5 10. b4 Bb6 11. Ng5 Qg6 12. f4 Bd7 13. Nd2 Nge7 14. Nb3 h6 15. Nf3
Qxg3 16. hxg3 a6 17. Bd2 O-O-O 18. a4 Rdg8 19. b5 Nb8 20. Bb4 Bd8 21. Rfc1 a5
22. Nxa5 b6 23. Nb3 g5 24. fxg5 Ng6 25. c3 dxc3 26. Rxc3+ Kb7 27. a5 hxg5 28.
a6+ Ka7 29. Bd6 g4 30. Nfd4 f4 31. Rac1 fxg3 32. Rc7+ Bxc7 33. Rxc7+ Ka8 34. a7
Na6 35. Rxd7 Nf4 36. Bh7 Rg5 37. bxa6 Rh5 38. Nb5 R5xh7 39. Rxh7 Rxh7 40. Bb8
Rf7 41. N3d4 Rh7 42. Nc6 d4 43. Ncxd4 Ne2+ 44. Kf1 Nf4 45. Nc7+ Rxc7 46. Bxc7
Kxa7 47. Ne2 Nd5 48. Bd6 Ne3+ 49. Kg1 Nf5 50. Nf4 Kxa6 51. Nxe6 Kb5 52. Bf8 Kc4
53. Nc7 b5 54. e6 b4 55. e7 Nd6 56. e8=Q Nxe8 57. Nxe8 b3 58. Bg7 Kd3 59. Nd6
1-0

[Event "C.to Italiano Semifinale"]
[Site "Saint Vincent - Chatillon ITA"]
[Date "1999.06.24"]
[Round "6"]
[White "Dorighet, Claudio"]
[Black "Luciani, Valerio"]
[Result "1-0"]
[WhiteElo "2110"]
[BlackElo "2238"]
[PlyCount "79"]
[EventDate "1999.06.20"]

1. c4 e5 2. Nc3 Nc6 3. g3 g6 4. Bg2 Bg7 5. e3 Nge7 6. Nge2 d6 7. d4 O-O 8. O-O
Bf5 9. d5 Nb8 10. e4 Bc8 11. Be3 f5 12. h3 Nd7 13. Qd2 Nf6 14. Kh2 Bd7 15. Bg5
Qe8 16. Rae1 Nxe4 17. Nxe4 fxe4 18. Bxe4 Kh8 19. g4 Ng8 20. f3 Qf7 21. Kg3 Nf6
22. Nc3 Qg8 23. Bb1 Rf7 24. Ne4 Nxe4+ 25. Bxe4 Bf6 26. h4 Raf8 27. Be3 b6 28.
Rh1 Be7 29. Bh6 Re8 30. Reg1 Bd8 31. Kf2 Be7 32. Ke1 Bf8 33. Bg5 Be7 34. h5
gxh5 35. Rxh5 Bxg5 36. Rxg5 Rg7 37. Rxg7 Kxg7 38. Rh1 Re7 39. Rxh7+ Kf8 40.
Qh6+ 1-0

[Event "C.to Italiano Semifinale"]
[Site "Saint Vincent - Chatillon ITA"]
[Date "1999.06.24"]
[Round "6"]
[White "Fabiano, Giuseppe"]
[Black "Aldrovandi, Costantino"]
[Result "0-1"]
[WhiteElo "2282"]
[BlackElo "2309"]
[PlyCount "59"]
[EventDate "1999.06.20"]

1. d4 Nf6 2. c4 g6 3. Nc3 Bg7 4. e4 d6 5. Be2 O-O 6. Nf3 e5 7. d5 a5 8. Bg5 h6
9. Bh4 Na6 10. Nd2 Bd7 11. O-O Qe8 12. b3 Nh7 13. a3 f5 14. exf5 gxf5 15. Rc1
e4 16. Bh5 Qe5 17. f4 Qd4+ 18. Kh1 Nc5 19. b4 axb4 20. axb4 Nd3 21. Ne2 Qe3 22.
Rc3 Ra2 23. Be1 Ba4 24. Qc1 Nf6 25. Qb1 Rxd2 26. Rxd3 Rxd3 27. Bf2 Qd2 28. Ng3
Rxg3 29. Bxg3 Nxh5 30. Be1 0-1

[Event "C.to Italiano Semifinale"]
[Site "Saint Vincent - Chatillon ITA"]
[Date "1999.06.24"]
[Round "6"]
[White "Nannelli, Paolo"]
[Black "Ciuffoletti, Paolo"]
[Result "1/2-1/2"]
[WhiteElo "2239"]
[BlackElo "2163"]
[PlyCount "83"]
[EventDate "1999.06.20"]

1. d4 g6 2. Nf3 Bg7 3. Bf4 d6 4. e3 Nd7 5. h3 e5 6. Bh2 Qe7 7. Be2 Ngf6 8. c4
O-O 9. Nc3 e4 10. Nd2 Re8 11. O-O Nf8 12. b4 h5 13. c5 d5 14. Nb5 Ne6 15. Qa4
Bh6 16. Qa5 b6 17. Qa3 a5 18. c6 Ba6 19. Be5 axb4 20. Qb3 Bxb5 21. Bxb5 Ra5 22.
Be2 Rea8 23. Qb2 Ne8 24. Bd1 N8g7 25. Bb3 Nf5 26. Rae1 Qe8 27. Rc1 Ne7 28. Qc2
R8a7 29. Rfe1 Nd8 30. f3 exf3 31. Nxf3 Ndxc6 32. Bf4 Bxf4 33. exf4 Qd7 34. Qd2
Nf5 35. g4 hxg4 36. hxg4 Nd6 37. Qg2 Ne4 38. f5 Ra8 39. fxg6 Re8 40. gxf7+ Kxf7
41. Nh4 Nc3 42. Nf5 1/2-1/2

[Event "C.to Italiano Semifinale"]
[Site "Saint Vincent - Chatillon ITA"]
[Date "1999.06.24"]
[Round "6"]
[White "Pantaleoni, Claudio"]
[Black "Mauro, Alan"]
[Result "1-0"]
[WhiteElo "2184"]
[BlackElo "2263"]
[PlyCount "59"]
[EventDate "1999.06.20"]

1. c4 Nf6 2. Nc3 g6 3. e4 d6 4. d4 Bg7 5. Nge2 O-O 6. Ng3 c5 7. d5 a6 8. a4 e6
9. Be2 exd5 10. exd5 Re8 11. O-O b6 12. Bf4 h6 13. Qd2 g5 14. Be3 Ra7 15. h3
Rae7 16. Bd3 Nh7 17. h4 Re5 18. Qc2 Nf6 19. hxg5 hxg5 20. Bd2 Ng4 21. Nce4 Qe7
22. Rae1 f5 23. Nxg5 Qf6 24. Rxe5 Rxe5 25. Nf3 f4 26. Ne2 Re7 27. Nxf4 Bh6 28.
Ng6 Rh7 29. Bc3 Ne5 30. Ngxe5 1-0